000 00783nam a2200241Ia 4500
003 OSt
005 20260122162805.0
008 210716s2010 xx 000 0 und d
020 _a9780080618299
040 _cAIMIT LIBRARY
041 _aeng
082 _a330
_23
_bFRAR
100 _aFrank, Robert H.
_9252259
245 _aPrinciples of economics /
_cBy Robert H Frank and Ben S Bernanke.
250 _a3rd ed.
260 _aNew Delhi :
_bTata McGraw Hill Publishing Company Ltd ,
_c2010.
300 _axxxix,901,G-9,I-27p. ;
_bPB
_c28.3 cm
650 _aCompetition and the invisible hand
_9252260
650 _aEconomics of public policy
_9252261
650 _aThe economy in the long run
_9252262
700 _aBen S Bernanke.
_9252263
942 _2ddc
_cBK
_e3rd
_k330 FRAR
999 _c182630
_d182630